|
|
|
|
| LEADER |
00000cam a2200000 a 4500 |
| 001 |
vtls011566397 |
| 003 |
SK-MaSNL |
| 005 |
20260301221359.0 |
| 008 |
240318s2016 xo oa g 000 m slo |
| 015 |
|
|
|a SNBA2016/09
|
| 020 |
|
|
|a 9788089487745
|q (brož.)
|
| 035 |
|
|
|a 97066E29-395D-43B3-8B57-4DED53D0BA72
|
| 035 |
|
|
|a urn:nbn:sk:snk-amtgz7
|
| 035 |
|
|
|a urn:nbn:sk:snk-am00by0n
|
| 040 |
|
|
|a SNK
|b slo
|c SNK
|e AACR2
|
| 041 |
0 |
|
|a slo
|
| 044 |
|
|
|a xo
|c SK
|
| 072 |
|
7 |
|a 27-4
|x Praktická teológia. Morálna teológia
|2 konspekt
|
| 080 |
|
|
|a 27-4
|2 2011
|
| 080 |
|
|
|a (0:82-4)
|2 2011
|
| 080 |
|
|
|a (0:82-32)
|2 2011
|
| 100 |
1 |
|
|a Kuffa, Marián,
|d 1959-
|4 aut
|9 151014
|
| 245 |
1 |
0 |
|a Maturita z lásky, alebo, Za nesmrteľnú dušu znesiem všetky kopance
|c Marián Kuffa ; [ilustrovali bezdomovci, väzni, deti z detského domova ; fotografia: Mária Jakušová]
|
| 246 |
3 |
0 |
|a Za nesmrteľnú dušu znesiem všetky kopance
|
| 250 |
|
|
|a 1. vyd.
|
| 260 |
|
|
|a [Stará Ľubovňa]
|b Kumran
|c 2016
|
| 300 |
|
|
|a 93 s.
|b fotogr., ilustr.
|c 21 cm
|
| 500 |
|
|
|a Internetový originál (rubrika Maturita z lásky) stĺpček v magazíne s hodnotami www.cestaplus.sk
|
| 500 |
|
|
|a Miesto vyd. podľa ISBN
|
| 650 |
0 |
7 |
|a kresťanský život
|2 SNKPH
|9 1808
|
| 650 |
0 |
7 |
|a Christian life
|2 SNKPHeng
|9 265582
|
| 655 |
|
7 |
|a úvahy
|2 SNKPH
|9 29403
|
| 655 |
|
7 |
|a Essays
|2 SNKPHeng
|9 267540
|
| 655 |
|
7 |
|a príbehy
|2 SNKPH
|9 70507
|
| 655 |
|
7 |
|a Stories
|2 SNKPHeng
|9 265785
|
| 700 |
1 |
|
|a Jakušová, Mária
|4 pht
|9 425360
|
| 852 |
|
|
|a Štátna vedecká knižnica v Banskej Bystrici
|
| 919 |
|
|
|a 978-80-89487-74-5
|
| 958 |
|
|
|a NT
|
| 999 |
|
|
|c 935652
|d 937582
|
| 952 |
|
|
|a SNK
|b SNK
|y PREZ
|7 0
|p 17A1209430
|o snkSC 170912/1
|i snk2016/19185
|8 0
|0 0
|1 0
|4 0
|d 2016-08-15
|f 1
|l 0
|r 2025-09-08 00:00:00
|w 2026-02-24
|
| 952 |
|
|
|a SNK
|b SNK
|y VYP
|7 0
|p 17A1209431
|o snkSC 170912/1 D1
|i snk2016/19186
|8 0
|0 0
|1 0
|4 0
|d 2016-08-15
|l 0
|r 2026-02-24 09:02:17
|w 2026-02-24
|